=LDR 00000nam 2200000 4500 =001 INLIS000000000015306 =005 20130612110603 =008 ***********************************Ind** =035 ##$$0010-061300000015306 =041 ##$$a Ind =082 ##$$a 636.75 =090 ##$$a 636.75, GOL-m =100 ##$$a Goldbecker, Capt WM =245 ##$$a Mengenal Anjing Gembala Jerman, Capt. WM. Goldbeecker, Ernes H.Hart =260 ##$$a 1980 $b Jakarta =300 ##$$a 190 hlm, Ilus, 21 cm =650 ##$$a Anjing-Pemeliharaan =850 ##$$a NBPNMAT